Strakonický dudák /
Strakonický dudák aneb Hody divých žen je divadelní hra Josefa Kajetán Tyla. Svou premiéru měla 21. listopadu 1847 v Královském stavovském divadle v Praze. Švanda a Dorotka se do sebe zamilují. Jejich lásce ale nepřeje Dorotčin otec Trnka, protože Švanda nemá rodiče a je chudý. Aby si mohl Dorotku v...
Uloženo v:
| Hlavní autor: | |
|---|---|
| Médium: | E-kniha |
| Jazyk: | Czech |
| Vydáno: |
Praha :
Artis,
2024
|
| Tagy: |
Žádné tagy |
| LEADER | 01517nam a22002297i 4500 | ||
|---|---|---|---|
| 001 | 312236 | ||
| 007 | ta | ||
| 008 | 260601s2024 xr ||||| |||| 00| 0 cze d | ||
| 020 | |a 9990003947857 | ||
| 044 | |a xr | ||
| 100 | 1 | |a Tyl, Josef Kajetán |4 aut | |
| 245 | 1 | 0 | |a Strakonický dudák / |c Tyl, Josef Kajetán |
| 264 | 1 | |a Praha : |b Artis, |c 2024 | |
| 300 | |a 1 online zdroj (52 stran) | ||
| 336 | |a text |b txt |2 rdacontent | ||
| 337 | |a bez média |b n |2 rdamedia | ||
| 338 | |a online zdroj |b cr |2 rdacarrier | ||
| 520 | 2 | |a Strakonický dudák aneb Hody divých žen je divadelní hra Josefa Kajetán Tyla. Svou premiéru měla 21. listopadu 1847 v Královském stavovském divadle v Praze. Švanda a Dorotka se do sebe zamilují. Jejich lásce ale nepřeje Dorotčin otec Trnka, protože Švanda nemá rodiče a je chudý. Aby si mohl Dorotku vzít, musí vydělat nějaké peníze. Proto se rozhodne odejít do světa, rozloučí se s Dorotkou a slíbí jí, že se do měsíce vrátí. Cestou usne na palouku v lese, kde ho najdou víly. Na přímluvu jeho matky – víly Rosavy – je Švandovým dudám vdechnuto zvláštní kouzlo... | |
| 910 | |a RBIT002 | ||
| 998 | |d 394785 |a https://core.palmknihy.cz/api/books/394785/cover?shea20 |b https://core.palmknihy.cz/api/books/394785/cover/400?shea20 |c https://core.palmknihy.cz/api/books/394785/cover/50?shea20 |e 2099-12-01 |g 52 |i 9990003947857 |j https://core.palmknihy.cz/api/books/394785/preview.epub |l |q 49 |r 1 |s https://www.palmknihy.cz/kniha/394785 |t ebook |y 2024 |z 1 | ||
| 999 | |d 312234 | ||